00422nam a2200157Ia 4500003000400000005001700004008004100021020001800062040000900080082001500089100002000104245007000124260004800194300001000242650001200252OSt20200629130828.0190216s9999||||xx |||||||||||||| ||und|| a9780195664874 coclc a934bTHA/C aThapar, Romila  0aCultural Pasts :bEssays in Early Indian History /cRomila Thapar bOxford University Press,c2007.aNew Delhi: a1156p aHistory